1406 1929 1750 1861 1547 1641 1206 1408 1163 1392 1113 1791 1989 1131 1092 1774 1686 1010 1616 1615 1274 1356 1883 1959 1317 1019 1852 1801 1624 1283 1695 1214 1758 1818 1096 1538 1687 1850 1658 1617 1159 1405 1445 1852 1137 1786 1190 1213 1224 1322 1463 1690 1755 1721 1349 1387 1973 1519 1999 1487 1504 1968 1272 1643 1212 1817 1827 1825 1047 1993 1882 1906 1172 1272 1795 1306 1032 1994 1455 1802 1602 1342 1126 1008 1711 1571 1382 1447 1901 1726 1479 1994 1306 1817 1623 1429 1237 1653 1938 BCNSPRNW ULIB Ver.6.0+V

เปลี่ยนเป็นภาษาไทย

Change to English
 แสดงรายละเอียดบรรณานุกรม
  กลับหน้าหลัก

Brief Record : Get Marc (ISO 2709) : E-mail record : QR code < ปิดหน้าต่าง
LEADER : 00000nam 2200000uu 4500
001    13399127662
003     ULIB
008    210316s2562||||th 000 0 tha d
020    ^a9786164301412^c199
060    ^aQS4^bอ313ร
100 1  ^aอรกัญญ์ ภูมิโคกรักษ์
245 10 ^aระบบร่างกายมนุษย์ =^bHuman body /^cอรกัญญ์ ภูมิโครักษ์
246    ^aHuman body
250    ^aพิมพ์ครั้งที่ 15
260    ^aกรุงเทพฯ :^bเอ็มไอเอส,^c2562
300    ^a175 หน้า :^bภาพประกอบ ;^c30 ซม.
650    ^aกายวิภาคศาสตร์
650    ^aสรีรวิทยา
945    ^p199^l0^i28734
945    ^p199^l0^i28735
945    ^p199^l0^i28736
945    ^p199^l0^i28737
945    ^p199^l0^i28738
945    ^p199^l0^i28739
945    ^p199^l0^i28740
945    ^p199^l0^i28741
945    ^p199^l0^i28742
945    ^p199^l0^i28743
999    ^aกัณชพร จุลอักษร
รายการนี้ยังไม่มีแท็ก
คุณยังไม่ได้ล็อกอิน คุณสามารถมีกิจกรรมร่วมกับเว็บไซต์ได้ แต่ต้องล็อกอินก่อน ::
  ล็อกอิน

รายการสื่อสารสนเทศ

ลำดับที่ ประเภท เลขเรียก/บาร์โค้ด สถานที่ สถานะ
1. หนังสือสำรอง
หนังสือสำรอง
QS4 อ313ร ฉ.1 
  Barcode: 28734
ห้องสมุดวิทยาเขตนครสวรรค์
►หนังสือทั่วไป:l:General Books
บนชั้น
2. วิทยาศาสตร์การแพทย์ และสุขภาพ
วิทยาศาสตร์การแพทย์ และสุขภาพ
QS4 อ313ร ฉ.10 
  Barcode: 28743
ห้องสมุดวิทยาเขตนครสวรรค์
►หนังสือทั่วไป:l:General Books
บนชั้น
3. วิทยาศาสตร์การแพทย์ และสุขภาพ
วิทยาศาสตร์การแพทย์ และสุขภาพ
QS4 อ313ร ฉ.2 
  Barcode: 28735
ห้องสมุดวิทยาเขตนครสวรรค์
►หนังสือทั่วไป:l:General Books
บนชั้น
4. วิทยาศาสตร์การแพทย์ และสุขภาพ
วิทยาศาสตร์การแพทย์ และสุขภาพ
QS4 อ313ร ฉ.3 
  Barcode: 28736
ห้องสมุดวิทยาเขตนครสวรรค์
►หนังสือทั่วไป:l:General Books
บนชั้น
5. วิทยาศาสตร์การแพทย์ และสุขภาพ
วิทยาศาสตร์การแพทย์ และสุขภาพ
QS4 อ313ร ฉ.4 
  Barcode: 28737
ห้องสมุดวิทยาเขตนครสวรรค์
►หนังสือทั่วไป:l:General Books
บนชั้น
6. วิทยาศาสตร์การแพทย์ และสุขภาพ
วิทยาศาสตร์การแพทย์ และสุขภาพ
QS4 อ313ร ฉ.5 
  Barcode: 28738
ห้องสมุดวิทยาเขตนครสวรรค์
►หนังสือทั่วไป:l:General Books
บนชั้น
7. วิทยาศาสตร์การแพทย์ และสุขภาพ
วิทยาศาสตร์การแพทย์ และสุขภาพ
QS4 อ313ร ฉ.6 
  Barcode: 28739
ห้องสมุดวิทยาเขตนครสวรรค์
►หนังสือทั่วไป:l:General Books
บนชั้น
8. วิทยาศาสตร์การแพทย์ และสุขภาพ
วิทยาศาสตร์การแพทย์ และสุขภาพ
QS4 อ313ร ฉ.7 
  Barcode: 28740
ห้องสมุดวิทยาเขตนครสวรรค์
►หนังสือทั่วไป:l:General Books
บนชั้น
9. วิทยาศาสตร์การแพทย์ และสุขภาพ
วิทยาศาสตร์การแพทย์ และสุขภาพ
QS4 อ313ร ฉ.8 
  Barcode: 28741
ห้องสมุดวิทยาเขตนครสวรรค์
►หนังสือทั่วไป:l:General Books
บนชั้น
10. วิทยาศาสตร์การแพทย์ และสุขภาพ
วิทยาศาสตร์การแพทย์ และสุขภาพ
QS4 อ313ร ฉ.9 
  Barcode: 28742
ห้องสมุดวิทยาเขตนครสวรรค์
►หนังสือทั่วไป:l:General Books
บนชั้น

รายการใกล้เคียง
    ผู้แต่ง [อรกัญญ์ ภูมิโคกรักษ์]

    หัวเรื่อง [กายวิภาคศาสตร์]
    หัวเรื่อง [สรีรวิทยา]

BibComment


ยังไม่เคยถูกคอมเมนท์

คอมเมนท์ทรัพยากรรายการนี้
  คอมเมนท์: ระบบร่างกายมนุษย..


 Copyright 2026. Bcnsprnw @Library